Country and Capital Neighbour Connect with Jumps and Disappearing World Map: Closest to ⬤ - Statistics

General Stats
  • This quiz has been taken 1,456 times
  • The average score is 88 of 392
Answers on the Map
Answers color-coded by a green-red scale on the quiz's map according to % correct below.
 
Answer Stats
Hint Hint Country/Capital % Correct
448.5 209.5 Sudan
99%
448.5 209.5 Khartoum
85%
422.6 209.4 Chad
84%
447 171.3 Egypt
78%
447 171.3 Cairo
76%
419.3 172.9 Libya
76%
459 157 Israel
64%
459 157 Jerusalem
64%
462.3 158.9 Amman
63%
462.3 158.9 Jordan
63%
467 143 Damascus
53%
461.7 146.8 Beirut
52%
478.8 149.9 Iraq
51%
461.7 146.8 Lebanon
51%
482.1 179.9 Saudi Arabia
51%
467 143 Syria
51%
482.1 179.9 Riyadh
49%
488.3 208.2 Sana'a
48%
488.3 208.2 Yemen
48%
502 182.5 Abu Dhabi
47%
509.33 187.2 Muscat
47%
509.33 187.2 Oman
47%
502 182.5 United Arab Emirates
47%
384.2 167.2 Algeria
40%
427.6 239 Central African Republic
40%
422.6 209.4 N'Djamena
40%
403.3 203.9 Niger
40%
398 230.8 Nigeria
40%
449.6 239.5 South Sudan
40%
419.3 172.9 Tripoli
40%
401 148 Tunis
40%
401 148 Tunisia
40%
470 234.2 Addis Ababa
39%
427.6 239 Bangui
39%
407 247 Cameroon
39%
476.4 221.6 Djibouti
39%
476.4 221.6 Djibouti (cap)
39%
466.3 209.2 Eritrea
39%
470 234.2 Ethiopia
39%
449.6 239.5 Juba
39%
403.3 203.9 Niamey
39%
398 230.8 Abuja
38%
378.2 234.5 Accra
38%
384.2 167.2 Algiers
38%
466.3 209.2 Asmara
38%
385.7 225 Benin
38%
377 219 Burkina Faso
38%
368 235.9 Cote d'Ivoire
38%
433 267.2 Democratic Republic of the Congo
38%
378.2 234.5 Ghana
38%
453.1 256.6 Kampala
38%
465.8 259.9 Kenya
38%
447.8 267.7 Kigali
38%
383 232.4 Lomé
38%
377 202.2 Mali
38%
366 153.5 Morocco
38%
377 219 Ouagadougou
38%
385.7 225 Porto-Novo
38%
366 153.5 Rabat
38%
416.9 260.5 Republic of the Congo
38%
447.8 267.7 Rwanda
38%
488 230 Somalia
38%
372 127.5 Spain
38%
383 232.4 Togo
38%
453.1 256.6 Uganda
38%
407 247 Yaoundé
38%
384 118.7 Andorra
37%
384 118.7 Andorra la Vella
37%
386 105 France
37%
416.4 124.2 Italy
37%
372 127.5 Madrid
37%
416.4 124.2 Rome
37%
408.5 113.9 San Marino
37%
408.5 113.9 San Marino (cap)
37%
408.5 120.7 Vatican City
37%
408.5 120.7 Vatican City (cap)
37%
455.3 143.7 Cyprus
34%
455.3 143.7 Nicosia
34%
460.3 130.6 Ankara
33%
430 129 Athens
33%
430 129 Greece
33%
487 162.9 Kuwait
33%
487 162.9 Kuwait City
33%
460.3 130.6 Turkey
33%
425.5 124 Albania
32%
478.8 149.9 Baghdad
32%
429.5 121.7 Macedonia
32%
412.9 141.1 Malta
32%
425.5 124 Tirana
32%
412.9 141.1 Valletta
32%
414.2 100.9 Austria
31%
443.4 81.2 Belarus
31%
427.6 113 Belgrade
31%
398.4 103.5 Bern
31%
421 113 Bosnia and Herzegovina
31%
423 98 Bratislava
31%
436.7 107.1 Bucharest
31%
424.4 103.1 Budapest
31%
437.8 117.9 Bulgaria
31%
444.4 102 Chișinău
31%
418 108 Croatia
31%
414 93.8 Czech Republic
31%
404 89.9 Germany
31%
424.4 103.1 Hungary
31%
450.6 96 Kiev
31%
427.5 118.5 Kosovo
31%
402 103.1 Liechtenstein
31%
434.3 76.3 Lithuania
31%
413 106.5 Ljubljana
31%
443.4 81.2 Minsk
31%
444.4 102 Moldova
31%
423.7 117.8 Montenegro
31%
577 52 Moscow
31%
423.7 117.8 Podgorica
31%
423.6 87.1 Poland
31%
414 93.8 Prague
31%
427.5 118.5 Pristina
31%
436.7 107.1 Romania
31%
421 113 Sarajevo
31%
427.6 113 Serbia
31%
429.5 121.7 Skopje
31%
423 98 Slovakia
31%
413 106.5 Slovenia
31%
437.8 117.9 Sofia
31%
398.4 103.5 Switzerland
31%
450.6 96 Ukraine
31%
402 103.1 Vaduz
31%
414.2 100.9 Vienna
31%
434.3 76.3 Vilnius
31%
423.6 87.1 Warsaw
31%
418 108 Zagreb
31%
480.5 125 Armenia
30%
487.6 125 Azerbaijan
30%
487.6 125 Baku
30%
479 120 Georgia
30%
501.3 152.5 Iran
30%
577 52 Russia
30%
479 120 Tbilisi
30%
501.3 152.5 Tehran
30%
480.5 125 Yerevan
30%
439 64.8 Estonia
29%
438 70.6 Latvia
29%
438 70.6 Riga
29%
439 64.8 Tallinn
29%
416.9 260.5 Brazzaville
25%
447.8 272.6 Burundi
25%
404 255.8 Equatorial Guinea
25%
406.5 264 Gabon
25%
433 267.2 Kinshasa
25%
404 255.8 Malabo
25%
488 230 Mogadishu
25%
465.8 259.9 Nairobi
25%
494.3 174 Bahrain
24%
447.8 272.6 Bujumbura
24%
495.7 176.2 Doha
24%
406.5 264 Libreville
24%
494.3 174 Manama
24%
495.7 176.2 Qatar
24%
395.5 260.6 São Tomé
24%
395.5 260.6 São Tomé and Príncipe
24%
420 301.2 Angola
23%
435 336.1 Botswana
23%
459.1 282.5 Dodoma
23%
435 336.1 Gaborone
23%
447 325 Harare
23%
444 360.5 Lesotho
23%
456 307 Lilongwe
23%
420 301.2 Luanda
23%
438 310 Lusaka
23%
456 307 Malawi
23%
467 309.5 Maputo
23%
444 360.5 Maseru
23%
451.3 350.1 Mbabane
23%
467 309.5 Mozambique
23%
418 328 Namibia
23%
431 365 Pretoria
23%
431 365 South Africa
23%
451.3 350.1 Swaziland
23%
459.1 282.5 Tanzania
23%
418 328 Windhoek
23%
438 310 Zambia
23%
447 325 Zimbabwe
23%
394.3 94.2 Luxembourg
22%
394.3 94.2 Luxembourg (cap)
22%
386 105 Paris
22%
528 149.2 Afghanistan
21%
393 86.9 Amsterdam
21%
513 130.6 Ashgabat
21%
377 202.2 Bamako
21%
391 91 Belgium
21%
404 89.9 Berlin
21%
347.7 220.3 Bissau
21%
391 91 Brussels
21%
353.3 224.2 Conakry
21%
347 212 Dakar
21%
354 232.9 Freetown
21%
353.3 224.2 Guinea
21%
347.7 220.3 Guinea-Bissau
21%
528 149.2 Kabul
21%
359.2 239.6 Liberia
21%
354 195.5 Mauritania
21%
397.2 114.5 Monaco
21%
397.2 114.5 Monaco (cap)
21%
359.2 239.6 Monrovia
21%
393 86.9 Netherlands
21%
354 195.5 Nouakchott
21%
535.7 164.2 Pakistan
21%
347 212 Senegal
21%
354 232.9 Sierra Leone
21%
513 130.6 Turkmenistan
21%
525 122.5 Uzbekistan
21%
368 235.9 Yamoussoukro
21%
615 140.9 China
20%
545.2 133.5 Dushanbe
20%
556 185.9 India
20%
535.7 164.2 Islamabad
20%
569.8 166.5 Kathmandu
20%
533 100 Kazakhstan
20%
548 122 Kyrgyzstan
20%
569.8 166.5 Nepal
20%
556 185.9 New Delhi
20%
545.2 133.5 Tajikistan
20%
525 122.5 Tashkent
20%
533 100 Astana
19%
615 140.9 Beijing
19%
584.1 169.4 Bhutan
19%
548 122 Bishkek
19%
479.4 301.4 Comoros
19%
361.7 127.6 Lisbon
19%
479.4 301.4 Moroni
19%
361.7 127.6 Portugal
19%
505.5 277 Seychelles
19%
584.1 169.4 Thimphu
19%
505.5 277 Victoria
19%
344 216 Banjul
18%
401.5 73.5 Copenhagen
18%
401.5 73.5 Denmark
18%
363 82.5 Dublin
18%
344 216 Gambia
18%
363 82.5 Ireland
18%
377 86 London
18%
377 86 United Kingdom
18%
486 324.3 Antananarivo
17%
326.7 206.9 Cape Verde
17%
437 52 Finland
17%
437 52 Helsinki
17%
486 324.3 Madagascar
17%
545.9 248.9 Maldives
17%
545.9 248.9 Malé
17%
401.7 57 Norway
17%
401.7 57 Oslo
17%
326.7 206.9 Praia
17%
414.3 60.5 Stockholm
17%
414.3 60.5 Sweden
17%
510.1 329.1 Mauritius
16%
510.1 329.1 Port Louis
16%
562 235.3 Sri Jayawardenepura Kotte
16%
562 235.3 Sri Lanka
16%
608 207.9 Bangkok
15%
583 181.8 Bangladesh
15%
583 181.8 Dhaka
15%
341 43 Iceland
15%
610.3 194.9 Laos
15%
597 188.5 Myanmar
15%
597 188.5 Naypyidaw
15%
341 43 Reykjavík
15%
608 207.9 Thailand
15%
610.3 194.9 Vientiane
15%
616 219.1 Cambodia
14%
624.3 219.9 Hanoi
14%
616 219.1 Phnom Penh
14%
624.3 219.9 Vietnam
14%
638.6 246.1 Bandar Seri Begawan
13%
638.6 246.1 Brunei
13%
635.5 264 Jakarta
13%
610.3 247.2 Kuala Lumpur
13%
610.3 247.2 Malaysia
13%
614.2 104.1 Mongolia
13%
614.2 104.1 Ulaanbaatar
13%
614.2 256.7 Singapore
11%
614.2 256.7 Singapore (cap)
11%
254.4 248.1 Suriname
10%
180.9 203.6 Belize
9%
180.9 203.6 Belmopan
9%
216.3 247.5 Bogotá
9%
266 294 Brasília
9%
266 294 Brazil
9%
232 235 Caracas
9%
216.3 247.5 Colombia
9%
192 228 Costa Rica
9%
180.4 215 El Salvador
9%
248 242 Georgetown
9%
177.4 210 Guatemala
9%
177.4 210 Guatemala City
9%
248 242 Guyana
9%
184.5 210.7 Honduras
9%
188.2 218.1 Managua
9%
188.2 218.1 Nicaragua
9%
198 232.5 Panama
9%
198 232.5 Panama City
9%
254.4 248.1 Paramaribo
9%
192 228 San José
9%
180.4 215 San Salvador
9%
184.5 210.7 Tegucigalpa
9%
232 235 Venezuela
9%
246.5 217 Barbados
8%
246.5 217 Bridgetown
8%
242.4 209.5 Dominica
7%
242.5 226.6 Port-of-Spain
7%
242.4 209.5 Roseau
7%
242.5 226.6 Trinidad and Tobago
7%
241.4 204 Antigua and Barbuda
6%
239.4 203.4 Basseterre
6%
243.2 214.6 Castries
6%
241.6 220.6 Grenada
6%
242.7 216.8 Kingstown
6%
241.6 220.6 Saint George's
6%
241.4 204 Saint John's
6%
239.4 203.4 Saint Kitts and Nevis
6%
243.2 214.6 Saint Lucia
6%
242.7 216.8 Saint Vincent and the Grenadines
6%
143 66 Canada
5%
664.3 290.8 Dili
5%
664.3 290.8 East Timor
5%
635.5 264 Indonesia
5%
151 182 Mexico
5%
151 182 Mexico City
5%
665.7 127 North Korea
5%
143 66 Ottawa
5%
665.7 127 Pyongyang
5%
669 139 Seoul
5%
669 139 South Korea
5%
153 129 United States
5%
153 129 Washington D.C.
5%
236 319 Bolivia
4%
221 197 Dominican Republic
4%
218 196 Haiti
4%
657 220.6 Manila
4%
657 220.6 Philippines
4%
218 196 Port-au-Prince
4%
221 197 Santo Domingo
4%
652.9 182.1 Taipei
4%
652.9 182.1 Taiwan
4%
234 373 Argentina
3%
248.9 339.7 Asunción
3%
683 342 Australia
3%
209 180.9 Bahamas
3%
234 373 Buenos Aires
3%
683 342 Canberra
3%
218 384 Chile
3%
206 190.2 Cuba
3%
204 265.5 Ecuador
3%
717.7 235.2 Federated States of Micronesia
3%
206 190.2 Havana
3%
742.1 295 Honiara
3%
206 200.2 Jamaica
3%
693.3 140 Japan
3%
206 200.2 Kingston
3%
21 272 Kiribati
3%
236 319 La Paz
3%
208 292 Lima
3%
760.6 232.2 Majuro
3%
760.6 232.2 Marshall Islands
3%
254.9 370.2 Montevideo
3%
209 180.9 Nassau
3%
756.2 263.4 Nauru
3%
680.5 241.3 Ngerulmud
3%
680.5 241.3 Palau
3%
717.7 235.2 Palikir
3%
703.7 282.4 Papua New Guinea
3%
248.9 339.7 Paraguay
3%
208 292 Peru
3%
703.7 282.4 Port Moresby
3%
204 265.5 Quito
3%
218 384 Santiago
3%
742.1 295 Solomon Islands
3%
693.3 140 Tokyo
3%
254.9 370.2 Uruguay
3%
756.2 263.4 Yaren
3%
802.8 307.7 Apia
2%
782.9 320.1 Fiji
2%
804.5 282.8 Funafuti
2%
776.7 391.9 New Zealand
2%
798.1 328.7 Nukuʻalofa
2%
755.5 318.6 Port Vila
2%
802.8 307.7 Samoa
2%
21 272 South Tarawa
2%
782.9 320.1 Suva
2%
798.1 328.7 Tonga
2%
804.5 282.8 Tuvalu
2%
755.5 318.6 Vanuatu
2%
776.7 391.9 Wellington
2%
No matching quizzes found
Score Distribution
Percent of People with Each Score
Percentile by Number Answered
Your Score History
You have not taken this quiz